Kabale University Library Catalogue

Obstetrics and gynecology / (Record no. 6208)

MARC details
000 -LEADER
fixed length control field 01107cam a22002654a 4500
005 - DATE AND TIME OF LATEST TRANSACTION
control field 20260410173814.0
008 - FIXED-LENGTH DATA ELEMENTS--GENERAL INFORMATION
fixed length control field 090107s2010 mdua b 001 0 eng
020 ## - INTERNATIONAL STANDARD BOOK NUMBER
International Standard Book Number 9780781788076
040 ## - CATALOGING SOURCE
Original cataloging agency KABLIB
Transcribing agency KABLIB
Description conventions rda
082 00 - DEWEY DECIMAL CLASSIFICATION NUMBER
Edition number 23
Classification number 618
Item number OBS
245 00 - TITLE STATEMENT
Title Obstetrics and gynecology /
Statement of responsibility, etc. Charles R.B. Beckmann ... [et al.].
250 ## - EDITION STATEMENT
Edition statement 6th ed. /
Remainder of edition statement American College of Obstetrics and Gynecology (ACOG) with Charles
260 ## - PUBLICATION, DISTRIBUTION, ETC.
Place of publication, distribution, etc. Baltimore, MD ; Philadelphia :
Name of publisher, distributor, etc. Lippincott Williams & Wilkins,
Date of publication, distribution, etc. c2010.
300 ## - PHYSICAL DESCRIPTION
Extent xiii, 497 p. :
Other physical details ill. (some col.) ;
Dimensions 28 cm.
504 ## - BIBLIOGRAPHY, ETC. NOTE
Bibliography, etc. note Includes bibliographical references, appendix, index.
650 #0 - SUBJECT ADDED ENTRY--TOPICAL TERM
Topical term or geographic name entry element Gynecology.
650 #0 - SUBJECT ADDED ENTRY--TOPICAL TERM
Topical term or geographic name entry element Obstetrics.
650 12 - SUBJECT ADDED ENTRY--TOPICAL TERM
Topical term or geographic name entry element Genital Diseases, Female.
9 (RLIN) 1071
650 22 - SUBJECT ADDED ENTRY--TOPICAL TERM
Topical term or geographic name entry element Pregnancy.
700 1# - ADDED ENTRY--PERSONAL NAME
Personal name Beckmann, Charles R. B.
9 (RLIN) 15796
710 2# - ADDED ENTRY--CORPORATE NAME
Corporate name or jurisdiction name as entry element American College of Obstetricians and Gynecologists.
9 (RLIN) 1004
856 42 - ELECTRONIC LOCATION AND ACCESS
Materials specified Publisher description
Uniform Resource Identifier <a href="http://www.loc.gov/catdir/enhancements/fy0916/2009000502-d.html">http://www.loc.gov/catdir/enhancements/fy0916/2009000502-d.html</a>
856 41 - ELECTRONIC LOCATION AND ACCESS
Materials specified Table of contents only
Uniform Resource Identifier <a href="http://www.loc.gov/catdir/enhancements/fy1012/2009000502-t.html">http://www.loc.gov/catdir/enhancements/fy1012/2009000502-t.html</a>
942 ## - ADDED ENTRY ELEMENTS (KOHA)
Source of classification or shelving scheme Dewey Decimal Classification
Koha item type Book
Holdings
Withdrawn status Lost status Source of classification or shelving scheme Damaged status Not for loan Home library Current library Shelving location Date acquired Source of acquisition Total Checkouts Full call number Barcode Date last seen Price effective from Koha item type
    Dewey Decimal Classification     School of Medicine Library School of Medicine Library Open Access Section 10.04.2026 Donation   618 OBS 14841 10.04.2026 10.04.2026 Book

Kabale University Library | Kabale University P.O Box 317, Kabale, Uganda
Tel : +256754017033, +256774661503 E-mail : library@kab.ac.ug